<?xml version="1.0" encoding="UTF-8"?>
<record
    xmlns:xsi="http://www.w3.org/2001/XMLSchema-instance"
    xsi:schemaLocation="http://www.loc.gov/MARC21/slim http://www.loc.gov/standards/marcxml/schema/MARC21slim.xsd"
    xmlns="http://www.loc.gov/MARC21/slim">

  <leader>02105nam a2200337 i 4500</leader>
  <controlfield tag="003">DO-SdBNP</controlfield>
  <controlfield tag="005">20250930121211.0</controlfield>
  <controlfield tag="007">ta</controlfield>
  <controlfield tag="008">240207t2023    dr ||||| |||| 00| j spa d</controlfield>
  <datafield tag="020" ind1=" " ind2=" ">
    <subfield code="a">9789945510393 </subfield>
  </datafield>
  <datafield tag="040" ind1=" " ind2=" ">
    <subfield code="a">DO-SdBNP</subfield>
    <subfield code="b">spa</subfield>
    <subfield code="c">BNPHU</subfield>
    <subfield code="e">rda</subfield>
  </datafield>
  <datafield tag="041" ind1=" " ind2=" ">
    <subfield code="a">spa</subfield>
  </datafield>
  <datafield tag="082" ind1=" " ind2="4">
    <subfield code="a">RD863.44</subfield>
    <subfield code="b">A955</subfield>
    <subfield code="2">22</subfield>
  </datafield>
  <datafield tag="245" ind1="0" ind2="3">
    <subfield code="a">Las aves que un d&#xED;a emigraron :</subfield>
    <subfield code="b">el cuento dominicano en Europa /</subfield>
    <subfield code="c">Selecci&#xF3;n y pr&#xF3;logo de Rosa Silverio ; correcci&#xF3;n, Mar&#xED;a del Carmen Vicente, Apolinar Liz Rodr&#xED;guez.</subfield>
  </datafield>
  <datafield tag="264" ind1=" " ind2="4">
    <subfield code="a">Santo Domingo, Rep&#xFA;blica Dominicana :  </subfield>
    <subfield code="b">Editora Nacional,</subfield>
    <subfield code="c">&#xA9;2023.</subfield>
  </datafield>
  <datafield tag="300" ind1=" " ind2=" ">
    <subfield code="a">221 p&#xE1;ginas ;</subfield>
    <subfield code="c">20 cm.</subfield>
  </datafield>
  <datafield tag="336" ind1=" " ind2=" ">
    <subfield code="a">texto</subfield>
    <subfield code="b">txt</subfield>
    <subfield code="2">rdacontent</subfield>
  </datafield>
  <datafield tag="337" ind1=" " ind2=" ">
    <subfield code="a">sin mediaci&#xF3;n</subfield>
    <subfield code="b">n</subfield>
    <subfield code="2">rdamedia</subfield>
  </datafield>
  <datafield tag="338" ind1=" " ind2=" ">
    <subfield code="a">volumen</subfield>
    <subfield code="b">nc</subfield>
    <subfield code="2">rdacarrier</subfield>
  </datafield>
  <datafield tag="500" ind1=" " ind2=" ">
    <subfield code="a">Incluye referencias bibliogr&#xE1;ficas  y notas al pie de las p&#xE1;ginas.</subfield>
  </datafield>
  <datafield tag="505" ind1=" " ind2=" ">
    <subfield code="a">De la migraci&#xF3;n de las aves y una hoja de hierba / </subfield>
    <subfield code="r">Rosa Silverio, 7 -- </subfield>
    <subfield code="t">Inact&#xF3;mico / </subfield>
    <subfield code="r">Farah Hallal, 17 --</subfield>
    <subfield code="t">Post mortem / </subfield>
    <subfield code="r">Leonardo Reyes Jim&#xE9;nez, 35 --</subfield>
    <subfield code="t">La mujer que pari&#xF3; un &#xE1;ngel / </subfield>
    <subfield code="r">Daniel Tejada, 47 --</subfield>
    <subfield code="t">Una vida sin manchas /</subfield>
    <subfield code="r">Juan Inirio, 59 --</subfield>
    <subfield code="t">Baptiste / </subfield>
    <subfield code="r">Nelson Ricart-Guerrero, 71 --</subfield>
    <subfield code="t">El delivery / </subfield>
    <subfield code="r">Virginia Read Escobal, 97 --</subfield>
    <subfield code="t">Piratas y demonios / </subfield>
    <subfield code="r">Roberto Garc&#xED;a, 121 --</subfield>
    <subfield code="t">Antes del mediterr&#xE1;neo / </subfield>
    <subfield code="r">Mat&#xED;as Iturbides, 133 --</subfield>
    <subfield code="t">El sue&#xF1;o / </subfield>
    <subfield code="r">Mayobanex P&#xE9;rez, 145 --</subfield>
    <subfield code="t">El pobre caricato del rey / </subfield>
    <subfield code="r">Sol Lora, 151 --</subfield>
    <subfield code="t">&#xA1;Perdona, no eres mi mama! / </subfield>
    <subfield code="r">Norberto Azor, 159 --</subfield>
    <subfield code="t">Margot /</subfield>
    <subfield code="r">Karlina Veras, 167 --</subfield>
    <subfield code="t">Abrazos gratis / </subfield>
    <subfield code="r">Ana Mar&#xED;a C&#xE9;spedes, 179 --</subfield>
    <subfield code="t">Consulta / </subfield>
    <subfield code="r">Marielys Duluc Reyna, 187 --</subfield>
    <subfield code="t">El cantador de sue&#xF1;os / </subfield>
    <subfield code="r">Dolquisa Olivarez, 197 --</subfield>
    <subfield code="t">Vertiente del espejo / </subfield>
    <subfield code="r">Bernardo Silfa Bor, 205.</subfield>
  </datafield>
  <datafield tag="590" ind1=" " ind2=" ">
    <subfield code="a">Inventariado 2024 / MF</subfield>
  </datafield>
  <datafield tag="650" ind1=" " ind2="4">
    <subfield code="a">Cuentos dominicanos</subfield>
    <subfield code="9">176</subfield>
  </datafield>
  <datafield tag="650" ind1=" " ind2="4">
    <subfield code="a">Literatura dominicana.</subfield>
    <subfield code="9">67</subfield>
  </datafield>
  <datafield tag="700" ind1="1" ind2=" ">
    <subfield code="a">Silverio, Rosa,</subfield>
    <subfield code="e">prologuista</subfield>
    <subfield code="4">pr.</subfield>
    <subfield code="9">14892</subfield>
  </datafield>
  <datafield tag="700" ind1="1" ind2=" ">
    <subfield code="a">Vicente, Mar&#xED;a del Carmen,</subfield>
    <subfield code="e">corrector</subfield>
    <subfield code="4">corr.</subfield>
  </datafield>
  <datafield tag="700" ind1="1" ind2=" ">
    <subfield code="a">Liz Rodr&#xED;guez, Apolinar,</subfield>
    <subfield code="e">corrector</subfield>
    <subfield code="4">corr.</subfield>
    <subfield code="9">84877</subfield>
  </datafield>
  <datafield tag="710" ind1="1" ind2=" ">
    <subfield code="a">Espa&#xF1;a. </subfield>
    <subfield code="b">Ministerio de Cultura</subfield>
    <subfield code="9">70975</subfield>
  </datafield>
  <datafield tag="910" ind1=" " ind2=" ">
    <subfield code="a">Validado. Control de Calidad/MAA</subfield>
  </datafield>
  <datafield tag="942" ind1=" " ind2=" ">
    <subfield code="2">ddc</subfield>
    <subfield code="c">LBS1</subfield>
  </datafield>
  <datafield tag="952" ind1=" " ind2=" ">
    <subfield code="0">0</subfield>
    <subfield code="1">0</subfield>
    <subfield code="2">ddc</subfield>
    <subfield code="5">1</subfield>
    <subfield code="7">0</subfield>
    <subfield code="8">PD</subfield>
    <subfield code="a">BNPHU</subfield>
    <subfield code="b">BNPHU</subfield>
    <subfield code="c">HD</subfield>
    <subfield code="d">2023-09-06</subfield>
    <subfield code="e">Dep&#xF3;sito Legal  </subfield>
    <subfield code="l">0</subfield>
    <subfield code="o">BNPHU PD RD863.44 A955</subfield>
    <subfield code="p">2024-0793</subfield>
    <subfield code="r">2024-02-07</subfield>
    <subfield code="w">2024-02-07</subfield>
    <subfield code="y">LBS1</subfield>
  </datafield>
  <datafield tag="952" ind1=" " ind2=" ">
    <subfield code="0">0</subfield>
    <subfield code="1">0</subfield>
    <subfield code="2">ddc</subfield>
    <subfield code="5">1</subfield>
    <subfield code="7">0</subfield>
    <subfield code="8">PD</subfield>
    <subfield code="a">BNPHU</subfield>
    <subfield code="b">BNPHU</subfield>
    <subfield code="c">HD</subfield>
    <subfield code="d">2023-09-06</subfield>
    <subfield code="e">Dep&#xF3;sito Legal  </subfield>
    <subfield code="l">0</subfield>
    <subfield code="o">BNPHU PD RD863.44 A955</subfield>
    <subfield code="p">2024-0794</subfield>
    <subfield code="r">2024-02-07</subfield>
    <subfield code="t">e.2</subfield>
    <subfield code="w">2024-02-07</subfield>
    <subfield code="y">LBS1</subfield>
  </datafield>
  <datafield tag="952" ind1=" " ind2=" ">
    <subfield code="0">0</subfield>
    <subfield code="1">0</subfield>
    <subfield code="2">ddc</subfield>
    <subfield code="5">6</subfield>
    <subfield code="7">0</subfield>
    <subfield code="8">DS</subfield>
    <subfield code="a">BNPHU</subfield>
    <subfield code="b">BNPHU</subfield>
    <subfield code="c">HD</subfield>
    <subfield code="d">2023-12-09</subfield>
    <subfield code="e">Dep&#xF3;sito Legal  </subfield>
    <subfield code="l">0</subfield>
    <subfield code="o">BNPHU DS RD863.44 A955</subfield>
    <subfield code="p">2024-0943</subfield>
    <subfield code="r">2024-02-09</subfield>
    <subfield code="t">e.3</subfield>
    <subfield code="w">2024-02-09</subfield>
    <subfield code="y">LBS1</subfield>
  </datafield>
  <datafield tag="952" ind1=" " ind2=" ">
    <subfield code="0">0</subfield>
    <subfield code="1">0</subfield>
    <subfield code="2">ddc</subfield>
    <subfield code="5">6</subfield>
    <subfield code="7">0</subfield>
    <subfield code="8">DS</subfield>
    <subfield code="a">BNPHU</subfield>
    <subfield code="b">BNPHU</subfield>
    <subfield code="c">HD</subfield>
    <subfield code="d">2025-09-12</subfield>
    <subfield code="e">Donaci&#xF3;n</subfield>
    <subfield code="l">0</subfield>
    <subfield code="o">BNPHU DS RD863.44 A955</subfield>
    <subfield code="p">2025-9950</subfield>
    <subfield code="r">2025-09-12</subfield>
    <subfield code="t">e.4</subfield>
    <subfield code="w">2025-09-12</subfield>
    <subfield code="y">LBS1</subfield>
  </datafield>
  <datafield tag="952" ind1=" " ind2=" ">
    <subfield code="0">0</subfield>
    <subfield code="1">0</subfield>
    <subfield code="2">ddc</subfield>
    <subfield code="5">6</subfield>
    <subfield code="7">0</subfield>
    <subfield code="8">DS</subfield>
    <subfield code="a">BNPHU</subfield>
    <subfield code="b">BNPHU</subfield>
    <subfield code="c">HD</subfield>
    <subfield code="d">2025-09-12</subfield>
    <subfield code="e">Donaci&#xF3;n</subfield>
    <subfield code="l">0</subfield>
    <subfield code="o">BNPHU DS RD863.44 A955</subfield>
    <subfield code="p">2025-9951</subfield>
    <subfield code="r">2025-09-12</subfield>
    <subfield code="t">e.5</subfield>
    <subfield code="w">2025-09-12</subfield>
    <subfield code="y">LBS1</subfield>
  </datafield>
  <datafield tag="999" ind1=" " ind2=" ">
    <subfield code="c">55837</subfield>
    <subfield code="d">55837</subfield>
  </datafield>
</record>
